| 000 | 00738nam a22002653 4500 | ||
|---|---|---|---|
| 001 | 20880 | ||
| 003 | BD-RjUL | ||
| 005 | 20211209000625.0 | ||
| 008 | 140302r19491908enk 000 0 | ||
| 035 | _a(BD-RjUL)20942 | ||
| 040 |
_aBD-RjUL _beng _cBD-RjUL |
||
| 041 | _aeng | ||
| 082 |
_a823 _bKIW |
||
| 100 | 1 |
_aKingsley, Charles. _964483 |
|
| 245 | 1 | 4 | _aThe water babies, and Glaucus / |
| 260 |
_aLondon : _c1908 [reprinted 1949] _bDept and sons ltd, |
||
| 300 |
_c17cm. _a301 p. ; |
||
| 490 | 1 |
_aEveryman's libr. _vvol.277 |
|
| 650 |
_aFiction _964484 |
||
| 690 | 0 | 0 |
_aEnglish literature _xFiction _xJuvenile _2pre20 _930 |
| 830 | 0 |
_vvol.277 _964493 |
|
| 752 |
_aEngland _dLondon |
||
| 830 | 0 |
_aEveryman's libr. _964494 |
|
| 942 |
_2ddc _cBK |
||
| 999 |
_c20880 _d20880 |
||